000 01862cam a2200325 4500
001 ABS68699
008 050304n2005 000 0 eng u
035 _a(Sirsi) u128947
100 _aSmith, D.
245 _aBuilding regulations update
260 _c2005
490 _aBuilding Control
_vMarch 2005, 5-7(3)
520 _aGives details of the changes to the Building Regulations which are now beginning to take effect. Includes the changes to Approved Document A in the requirement dealing with disproportionate collapse of buildings. Also mentions a new Approved Document J which has been introduced giving supplementary information on the UK implementation of European standards for chimneys and flues; and Approved Document L which deals with energy conservation and details the split between different buildings.
590 _aABS
590 _aRKA
650 _aBUILDING REGULATIONS 2000 APPROVED DOCUMENT A (2004 EDITION)
650 _aBUILDING REGULATIONS 2000 APPROVED DOCUMENT B (2002 EDITION)
650 _aBUILDING REGULATIONS 2000 APPROVED DOCUMENT C (2004 EDITION)
650 _aBUILDING REGULATIONS 2000 APPROVED DOCUMENT F (1995 EDITION, AMENDED 2000)
650 _aBUILDING REGULATIONS 2000 APPROVED DOCUMENT G (1992 EDITION, AMENDED 2000)
650 _aBUILDING REGULATIONS 2000 APPROVED DOCUMENT J (2002 EDITION)
650 _aBUILDING REGULATIONS 2000 APPROVED DOCUMENT L1 (2002 EDITION)
650 _aBUILDING REGULATIONS 2000 APPROVED DOCUMENT L2 (2002 EDITION)
650 _aBUILDING REGULATIONS 2000 APPROVED DOCUMENT M (2004 EDITION)
650 _aBUILDING REGULATIONS 2000 APPROVED DOCUMENT P (2005 EDITION)
650 _aSUSTAINABLE AND SECURE BUILDINGS ACT 2004
650 _aBUILDING REGULATIONS 2000 APPROVED DOCUMENT F (2006 EDITION)
690 _aBUILT ENVIRONMENT-BUILDING STANDARDS
942 _n0
999 _c74881
_d74881